00710cam a22002052 450000100060000000300080000600500170001400800390003103500190007004000320008904100080012108200200012910000340014924500970018326000390028030000270031950000330034650500870037965000380046621133BD-RjUL20211209000643.0140303t1962 nyu 001 0beng a(BD-RjUL)21197 aDLCcDLCdDLCdBD-RjULbeng aeng04a901.9bSME 19621 aSmith, Preserved,d1880-1941.12aThe Enlightenment (1687-1776) /cby Preserved Smith.nVolume-2pA history of modern culture  aNew York :bCollier Books,cc1962. aV-2 (606 p.) ;c22 cm. aOriginaly published in 1930.0 av. 1. Origins of modern culture, 1543-1687 - - v. 2. The Enlightenment, 1687-1776.1 a Civilization -- History.